Podmienky v oblasti kooperácie členov distribučného kanála

Gespeichert in:
Bibliographische Detailangaben
1. Verfasser: Kita, Pavol
Format: Buchkapitel
Sprache:Slowakisch
Tags: Tag hinzufügen
Keine Tags, Fügen Sie das erste Tag hinzu!

MARC

LEADER 00000naa$a2200000$$$4500
001 0064212
005 20240502071742.2
041 0 |a slo 
044 |a SK 
245 1 0 |a Podmienky v oblasti kooperácie členov distribučného kanála  |c Pavol Kita 
100 1 |a Kita, Pavol